000 nam a22 7a 4500
999 _c330493
_d330493
003 NUST
005 20170718122230.0
008 170718b xxu||||| |||| 00| 0 eng d
020 _a9789351115694
040 _c0
082 _a620.5 CHA
100 _aChauhan,D.K.
_93356
245 _aEnvironmental Nanotechnology:
_bApplications and Impacts
_cDr.D.K.Chauhan
260 _aNew Delhi
_bRandom Publications
_c2015
300 _a300p.
500 _aH.B
942 _2ddc
_cBK
_kIESE